000
00326nam a2200133Ia 4500
008
240624s9999 xx 000 0 und d
041
_a
eng
082
_a
920 KAK
100
_a
KAKAR SUDHIR
245
_a
BOOK OF MEMORY CONFESSIONS AND REFLECTIO
260
_c
2010
_a
New Delhi
_b
Viking
300
_a
318 : p.
365
_c
RS
_b
25
999
_c
17230
_d
17230